Odpisování investičního majetku podnikatelů z hlediska daně z příjmů. 1

Odpisovanie majetku pred 1.1.1993: obstarávacie náklady, základné prostriedky. Pokračovanie v odpisovaní základných prostriedkov po 1.1.1993. Odpisovanie majetku po 1.1.1993: hmotný majetok, samostatné hnuteľné veci, pozemky, pestovateľské celky trvalých porastov, súbor hnuteľných vecí, základné stá...

ver descrição completa

Na minha lista:
Detalhes bibliográficos
Autor principal: Sedláková, E.
Formato: Capítulo de Livro
Idioma:tcheco
Assuntos:
Tags: Adicionar Tag
Sem tags, seja o primeiro a adicionar uma tag!

MARC

LEADER 00000naa a2200000 4500
001 r018216
005 20221208131525.0
041 0 |a cze 
044 |a CZ 
245 1 0 |a Odpisování investičního majetku podnikatelů z hlediska daně z příjmů. 1  |c E. Sedláková 
520 |a Odpisovanie majetku pred 1.1.1993: obstarávacie náklady, základné prostriedky. Pokračovanie v odpisovaní základných prostriedkov po 1.1.1993. Odpisovanie majetku po 1.1.1993: hmotný majetok, samostatné hnuteľné veci, pozemky, pestovateľské celky trvalých porastov, súbor hnuteľných vecí, základné stádo, iný majetok, nehmotný majetok, obstarávacie náklady, majetok evidovaný v majetku poplatníka, získanie nehnuteľnosti, čiastočné využívanie majetku pre podnikanie, drobný investičný majetok, aktívna a pasívna opravná položka. Ročná a polovičná výška odpisov. Neodpisované položky. 
610 2 0 |a odpisy 
610 2 0 |a odpisy daňové 
610 2 0 |a majetok investičný 
610 2 0 |a dane z príjmov 
610 2 0 |a majetok hmotný 
610 2 0 |a majetok investičný 
610 2 0 |a položky opravné 
100 1 |a Sedláková, E.